[Event "Tournoi du Cavalier Cap d'Agde 2008"]
[Site "Cap d'Agde FRA"]
[Date "2008.10.26"]
[Round "2.5"]
[White "Simon, Laurent"]
[Black "Roffe, Benoit"]
[Result "1-0"]
[WhiteElo "2058"]
[BlackElo "1886"]
[EventDate "2008.??.??"]
[PlyCount "51"]

1.e4 e5 2.f4 d5 3.exd5 exf4 4.Nf3 Nf6 5.Nc3 Nxd5 6.Nxd5 Qxd5 7.d4 Bd6 8.c4
Qe4+ 9.Be2 Bb4+ 10.Kf2 c5 11.a3 Ba5 12.Qa4+ Nc6 13.d5 O-O 14.dxc6 Re8 15.
Bd1 b6 16.Qc2 Qxc6 17.Bxf4 Re4 18.Bd2 Bxd2 19.Qxd2 Bb7 20.Be2 Rae8 21.Rhe1
Rd4 22.Qg5 h6 23.Nxd4 Qe4 24.Qg4 Qe3+ 25.Kf1 Re4 26.Qg3 1-0

[Event "Tournoi du Cavalier Cap d'Agde 2008"]
[Site "Cap d'Agde FRA"]
[Date "2008.10.26"]
[Round "2.4"]
[White "Knittel, Ludovic"]
[Black "Dujardin, Franck"]
[Result "0-1"]
[WhiteElo "1890"]
[BlackElo "2062"]
[EventDate "2008.??.??"]
[PlyCount "108"]

1.e4 c5 2.Nf3 e6 3.d4 cxd4 4.Nxd4 a6 5.Be2 Qc7 6.O-O Nf6 7.Nc3 b5 8.f4 b4 
9.e5 bxc3 10.exf6 Bb7 11.Bf3 gxf6 12.bxc3 Nc6 13.Rb1 Rc8 14.Be3 Na5 15.Kh1
Bxf3 16.Nxf3 Bc5 17.Bd4 Bxd4 18.cxd4 O-O 19.d5 Qxc2 20.dxe6 dxe6 21.Qd4 
Qc3 22.Qf2 Rfd8 23.Qh4 Kg7 24.Ng1 Qd3 25.f5 Rd4 26.Qh5 e5 27.Nf3 Rf4 28.
Rfc1 Rxc1+ 29.Rxc1 Qxf5 30.Qxf5 Rxf5 31.Kg1 Rf4 32.Kf2 Ra4 33.Rc2 Nc4 34.
Ke2 Nd6 35.Nd2 Nf5 36.Kd3 Nd4 37.Rb2 f5 38.Nc4 f6 39.Nb6 Ra5 40.a4 Rc5 41.
Nc4 Rc6 42.Rb7+ Kg6 43.a5 Ne6 44.Rb6 Nf4+ 45.Kc3 Nd5+ 46.Kb3 Nxb6 47.axb6 
Rc5 48.Nd6 Rc6 49.b7 Rb6+ 50.Kc4 e4 51.Kc5 Rb1 52.Kd4 Kg5 53.Ke3 Rb3+ 54.
Ke2 Kf4 0-1

[Event "Tournoi du Cavalier Cap d'Agde 2008"]
[Site "Cap d'Agde FRA"]
[Date "2008.10.26"]
[Round "2.3"]
[White "Muha, Zdravko"]
[Black "Rajic, Dragan"]
[Result "1-0"]
[WhiteElo "2086"]
[BlackElo "1896"]
[EventDate "2008.??.??"]
[PlyCount "81"]

1.d4 d5 2.Bg5 Nf6 3.e3 e6 4.Nd2 c5 5.c3 Nc6 6.f4 Be7 7.Bd3 cxd4 8.exd4 O-O
9.Ngf3 b6 10.O-O Bb7 11.Qe2 a5 12.Ne5 Nb8 13.Rf3 Ba6 14.Bxa6 Nxa6 15.Nc6 
Qc7 16.Nxe7+ Qxe7 17.f5 Nc7 18.Re1 h6 19.Bh4 g5 20.fxg6 fxg6 21.Re3 Qd7 
22.Bg3 Nfe8 23.Qg4 Kh7 24.Be5 Nd6 25.Rh3 Nf7 26.Bxc7 Qxc7 27.Rxe6 Nh8 28.
Nf3 Rae8 29.Rxe8 Rxe8 30.Ne5 Qg7 31.Qf3 Rf8 32.Qxd5 Nf7 33.Rf3 Nxe5 34.
Rxf8 Qxf8 35.Qxe5 Qc8 36.h3 Qc4 37.d5 g5 38.d6 Qd3 39.Qd4 Qg3 40.d7 h5 41.
Qe4+ 1-0

[Event "Tournoi du Cavalier Cap d'Agde 2008"]
[Site "Cap d'Agde FRA"]
[Date "2008.10.26"]
[Round "2.1"]
[White "Farnault, Eric"]
[Black "Lagunes, Matthieu"]
[Result "0-1"]
[WhiteElo "2096"]
[BlackElo "1896"]
[EventDate "2008.??.??"]
[PlyCount "112"]

1.e4 e6 2.d4 b6 3.Nc3 Bb7 4.Bf4 Bb4 5.f3 Nf6 6.a3 Bxc3+ 7.bxc3 Nh5 8.Be3 
O-O 9.Bd3 Qh4+ 10.Bf2 Qg5 11.g3 f5 12.Nh3 Qg6 13.Qe2 fxe4 14.Bxe4 Bxe4 15.
fxe4 Nf6 16.e5 Ne4 17.Qd3 Qg4 18.Nf4 Nxf2 19.Kxf2 g5 20.h3 Qf5 21.Qxf5 
Rxf5 22.Ke3 gxf4+ 23.gxf4 Nc6 24.Rag1+ Kf7 25.Ke4 Ne7 26.c4 Ng6 27.Rg4 h5 
28.Rg5 Rxf4+ 29.Ke3 Rf5 30.Rhg1 Rxg5 31.Rxg5 h4 32.d5 Ne7 33.Ke4 Rg8 34.
Rh5 Nf5 35.Rh7+ Rg7 36.Rh8 c6 37.Ra8 a5 38.Ra7 Kg6 39.Rb7 exd5+ 40.cxd5 
Ng3+ 41.Kf3 b5 42.e6 dxe6 43.dxc6 Nf5 44.c7 Nd6 45.Rb6 Nc8 46.Rxe6+ Kf5 
47.Rc6 Rg3+ 48.Ke2 Rxh3 49.Rc5+ Ke6 50.Rxb5 Rxa3 51.Rh5 h3 52.Rh8 Kd7 53.
Rh7+ Kc6 54.Kd2 a4 55.Kc1 Ra1+ 56.Kb2 Rh1 0-1

[Event "Tournoi du Cavalier Cap d'Agde 2008"]
[Site "Cap d'Agde FRA"]
[Date "2008.10.27"]
[Round "4.1"]
[White "Lefevre, Margaux"]
[Black "Mora, Pascal"]
[Result "1-0"]
[WhiteElo "1970"]
[BlackElo "2096"]
[EventDate "2008.??.??"]
[PlyCount "107"]

1.e4 c5 2.Nf3 e6 3.d4 cxd4 4.Nxd4 Nf6 5.Nc3 Nc6 6.Ndb5 Bb4 7.Nd6+ Ke7 8.
Nxc8+ Rxc8 9.Bd3 d5 10.exd5 Nxd5 11.O-O Nxc3 12.bxc3 Bxc3 13.Rb1 Qc7 14.
Ba3+ Ke8 15.Bb5 Rd8 16.Qf3 Bf6 17.Ba4 Kd7 18.Bc5 Kc8 19.Bxc6 Qxc6 20.Qxc6+
bxc6 21.Bxa7 Bd4 22.Bb6 Bxb6 23.Rxb6 Kc7 24.Rfb1 Rd1+ 25.Rxd1 Kxb6 26.Rd7 
Ra8 27.Rxf7 Rxa2 28.Kf1 Ra7 29.Rxa7 Kxa7 30.Ke2 Kb6 31.Kd3 Kc5 32.f4 Kb4 
33.Kd4 c5+ 34.Kd3 Kb5 35.Kc3 h6 36.h3 h5 37.g3 g6 38.g4 h4 39.g5 c4 40.Kd4
Kb4 41.Ke5 Kc3 42.Kxe6 Kxc2 43.f5 c3 44.fxg6 Kd2 45.g7 c2 46.g8=Q c1=Q 47.
Qd8+ Ke2 48.Qe7 Kf3 49.g6 Qc4+ 50.Kd7 Qb5+ 51.Kc7 Qa5+ 52.Kb8 Kg2 53.g7 
Qa2 54.Qg5+ 1-0

[Event "Tournoi du Cavalier Cap d'Agde 2008"]
[Site "Cap d'Agde FRA"]
[Date "2008.10.27"]
[Round "3.10"]
[White "Konopka, Jeremiasz"]
[Black "Gelas, Christophe"]
[Result "0-1"]
[WhiteElo "1983"]
[BlackElo "1898"]
[EventDate "2008.??.??"]
[PlyCount "106"]

1.f4 d5 2.b3 c5 3.Bb2 Nc6 4.Nf3 Nf6 5.e3 e6 6.Be2 Bd6 7.Ne5 Qc7 8.d4 b6 9.
g4 h6 10.Nd2 Bb7 11.Ndf3 O-O-O 12.Nxc6 Bxc6 13.g5 hxg5 14.Nxg5 Ne4 15.Nxe4
dxe4 16.Ba6+ Bb7 17.Bxb7+ Kxb7 18.Qd2 cxd4 19.Bxd4 e5 20.fxe5 Bxe5 21.c3 
Bxd4 22.cxd4 Rh3 23.O-O Rdh8 24.Rac1 Qe7 25.Rf2 f5 26.Qc2 Qd7 27.d5 g6 28.
Rg2 Rc8 29.Qxc8+ Qxc8 30.Rxc8 Kxc8 31.Kf2 Rh6 32.Kg3 Kd7 33.Kf4 Kd6 34.Kg5
Rh3 35.Kxg6 Rxe3 36.Kxf5 Kxd5 37.Rg8 Re2 38.Rd8+ Kc5 39.h4 e3 40.Kf4 Rxa2 
41.Kxe3 Rh2 42.Rh8 Kb4 43.h5 Kxb3 44.h6 b5 45.Kf4 b4 46.Kg5 a5 47.Rf8 Ka3 
48.Kg6 a4 49.h7 Rxh7 50.Kxh7 b3 51.Rf1 b2 52.Rf3+ Ka2 53.Rf2 Ka1 0-1

[Event "Tournoi du Cavalier Cap d'Agde 2008"]
[Site "Cap d'Agde FRA"]
[Date "2008.10.27"]
[Round "3.9"]
[White "Ricroque, Jean-Pierre"]
[Black "Buresi, Bruno"]
[Result "1-0"]
[WhiteElo "1988"]
[BlackElo "1900"]
[EventDate "2008.??.??"]
[PlyCount "68"]

1.d4 Nf6 2.Nf3 g6 3.c4 Bg7 4.Nc3 d5 5.Qb3 dxc4 6.Qxc4 O-O 7.e4 c6 8.Bf4 b5
9.Qb3 a5 10.e5 a4 11.Qa3 Nd5 12.Nxd5 Qxd5 13.Qxe7 Qe4+ 14.Be3 a3 15.bxa3 
Ra4 16.Rc1 Be6 17.Nd2 Qd5 18.Nb3 Na6 19.f3 Rb8 20.Bd3 Bf8 21.Qa7 Bxa3 22.
Nc5 Bxc1 23.Nxa6 Rd8 24.Bxc1 Bc8 25.Be4 Qxa2 26.O-O Qe6 27.Qc7 Raxd4 28.
Bg5 Re8 29.Nc5 Qxe5 30.Qxe5 Rxe5 31.Bf6 Rdxe4 32.Nxe4 Rd5 33.Ra1 Bb7 34.
Ra7 Rd7 1-0

[Event "Tournoi du Cavalier Cap d'Agde 2008"]
[Site "Cap d'Agde FRA"]
[Date "2008.10.27"]
[Round "3.8"]
[White "Petitcolas, Bernard"]
[Black "Natale, Rodolphe"]
[Result "0-1"]
[WhiteElo "1900"]
[BlackElo "2000"]
[EventDate "2008.??.??"]
[PlyCount "46"]

1.e4 c5 2.Nf3 e6 3.d4 cxd4 4.Nxd4 Nc6 5.Bf4 Nf6 6.Nxc6 bxc6 7.Bd3 Qb6 8.
Nd2 d5 9.e5 Nd7 10.Nb3 c5 11.c4 Bb7 12.O-O g5 13.Bxg5 dxc4 14.Bxc4 Rg8 15.
Qh5 Nxe5 16.Bxe6 Qxe6 17.Rfe1 Bf3 18.gxf3 Rxg5+ 19.Qxg5 Nxf3+ 20.Kg2 Nxg5 
21.f4 O-O-O 22.Rxe6 Nxe6 23.Kf3 Nd4+ 0-1

[Event "Tournoi du Cavalier Cap d'Agde 2008"]
[Site "Cap d'Agde FRA"]
[Date "2008.10.27"]
[Round "3.7"]
[White "Andre, Damien"]
[Black "Boukhris-Ferre, Yacine"]
[Result "1-0"]
[WhiteElo "2006"]
[BlackElo "1916"]
[EventDate "2008.??.??"]
[PlyCount "97"]

1.e4 e6 2.d3 d5 3.Qe2 Nf6 4.Nf3 Bc5 5.e5 Ng4 6.d4 Be7 7.Be3 b6 8.Nbd2 Ba6 
9.Qd1 Nxe3 10.fxe3 Bxf1 11.Nxf1 f6 12.Ng3 Nd7 13.Nh5 O-O 14.Nf4 fxe5 15.
Nxe6 Bh4+ 16.g3 Qf6 17.Nxf8 Rxf8 18.O-O Bg5 19.Nxg5 Qxg5 20.Rxf8+ Nxf8 21.
Qf3 e4 22.Qf4 Qxf4 23.gxf4 Ne6 24.b4 a6 25.a4 Kf7 26.b5 a5 27.c4 dxc4 28.
Rc1 Ke7 29.Rxc4 g6 30.d5 Nc5 31.Kf2 h6 32.Kg3 Kd6 33.Rd4 Nb3 34.Rxe4 Kxd5 
35.Re7 Nc5 36.Rxc7 Nxa4 37.Kf3 Nc5 38.Rc6 a4 39.Rxb6 a3 40.Rb8 Kc4 41.Ra8 
Kb3 42.b6 a2 43.e4 Kb2 44.f5 gxf5 45.exf5 a1=Q 46.Rxa1 Kxa1 47.f6 Nd7 48.
b7 Kb2 49.f7 1-0

[Event "Tournoi du Cavalier Cap d'Agde 2008"]
[Site "Cap d'Agde FRA"]
[Date "2008.10.27"]
[Round "3.6"]
[White "Sola, Flavien"]
[Black "Fageot, Julien"]
[Result "0-1"]
[WhiteElo "1919"]
[BlackElo "2022"]
[EventDate "2008.??.??"]
[PlyCount "88"]

1.e4 e6 2.c4 d5 3.cxd5 exd5 4.exd5 Nf6 5.d4 Nxd5 6.Nc3 Bb4 7.Bd2 O-O 8.Bd3
Re8+ 9.Nge2 Bg4 10.O-O Nc6 11.a3 Nxd4 12.f3 Nxe2+ 13.Nxe2 Bc5+ 14.Kh1 Bh5 
15.Qc2 Bg6 16.Bxg6 hxg6 17.Ng3 Be3 18.Rae1 c6 19.Bc1 Qc7 20.Qb3 Bxc1 21.
Rxc1 Nf6 22.Qc4 Qa5 23.Qc2 Rad8 24.b4 Qxa3 25.b5 cxb5 26.Ra1 Qe3 27.Qc7 
Rd7 28.Qa5 a6 29.Rae1 Qd2 30.Rxe8+ Nxe8 31.Qa1 Nf6 32.Qe5 Qd6 33.Qc3 b4 
34.Qc8+ Qf8 35.Qc4 a5 36.Qb5 Qd8 37.Ne4 Nxe4 38.fxe4 Rd1 39.g3 Rxf1+ 40.
Qxf1 Qd4 41.Qf4 b3 42.Qb8+ Kh7 43.Qxb7 b2 44.Kg2 Qd2+ 0-1

[Event "Tournoi du Cavalier Cap d'Agde 2008"]
[Site "Cap d'Agde FRA"]
[Date "2008.10.27"]
[Round "3.5"]
[White "Schott, Raimund"]
[Black "Armas, Lara-Maria"]
[Result "0-1"]
[WhiteElo "2053"]
[BlackElo "1920"]
[EventDate "2008.??.??"]
[PlyCount "130"]

1.e4 c5 2.Nf3 d6 3.d4 cxd4 4.Nxd4 Nf6 5.Nc3 a6 6.Bg5 e6 7.f4 Qc7 8.Qf3 Be7
9.O-O-O Nbd7 10.Bd3 b5 11.Rhe1 Bb7 12.Qg3 b4 13.Nd5 exd5 14.e5 dxe5 15.
fxe5 O-O-O 16.Nf5 Bf8 17.exf6 Qxg3 18.Nxg3 Nxf6 19.Rf1 Rd6 20.Nf5 Rb6 21.
Be3 Re6 22.Bg5 Ne4 23.Bh4 f6 24.Nd4 Re8 25.Rfe1 Bc5 26.Nb3 Bb6 27.Re2 Re7 
28.Rde1 Rhe8 29.Bg3 Kd7 30.Bf4 g6 31.Be3 Bc7 32.Bc5 Bd6 33.Bxd6 Kxd6 34.
Na5 Bc8 35.Re3 Re5 36.h3 f5 37.R3e2 R5e6 38.Nb3 Nc5 39.Rxe6+ Rxe6 40.Rxe6+
Nxe6 41.Kd2 Nc5 42.Nxc5 Kxc5 43.c3 bxc3+ 44.bxc3 d4 45.h4 a5 46.g3 Be6 47.
a3 Bd5 48.h5 Be4 49.hxg6 hxg6 50.Be2 g5 51.cxd4+ Kxd4 52.Bb5 f4 53.gxf4 
gxf4 54.Be2 Bc6 55.Kc2 Ke3 56.Bh5 Bf3 57.Be8 Be4+ 58.Kc3 f3 59.Bb5 f2 60.
Bc4 Bf3 61.Bf1 Be2 62.Bh3 Bb5 63.Kc2 Kf3 64.Kd2 Kg3 65.Ke3 a4 0-1

[Event "Tournoi du Cavalier Cap d'Agde 2008"]
[Site "Cap d'Agde FRA"]
[Date "2008.10.27"]
[Round "3.4"]
[White "Chitrit, Norbert"]
[Black "Simon, Laurent"]
[Result "0-1"]
[WhiteElo "1920"]
[BlackElo "2058"]
[EventDate "2008.??.??"]
[PlyCount "130"]

1.e4 e5 2.Nf3 Nc6 3.Bb5 Nge7 4.d4 exd4 5.Nxd4 g6 6.Nc3 Bg7 7.Be3 O-O 8.O-O
d5 9.Nxd5 Nxd5 10.exd5 Qxd5 11.c4 Qe4 12.Bxc6 bxc6 13.Qf3 Qxf3 14.gxf3 Re8
15.c5 Ba6 16.Rfd1 Bc4 17.b3 Bd5 18.Rac1 a5 19.Rd3 a4 20.Kg2 axb3 21.axb3 
Ra2 22.Rc2 Rxc2 23.Nxc2 Rb8 24.b4 Ra8 25.Nd4 h5 26.Bf4 Ra1 27.Nc2 Rb1 28.
Bxc7 Rb2 29.Ne3 Be6 30.Ba5 Be5 31.Kg1 Kg7 32.b5 Rxb5 33.f4 Rxa5 34.fxe5 
Rxc5 35.Rd6 Rc1+ 36.Kg2 g5 37.Kf3 c5 38.Rd2 Kg6 39.Ke4 g4 40.f4 gxf3 41.
Kxf3 c4 42.Rg2+ Kh6 43.Ke4 c3 44.Kd3 h4 45.Nc2 Bf5+ 46.Kxc3 Rxc2+ 47.Rxc2 
Bxc2 48.Kxc2 Kg5 49.Kd3 Kf4 50.Kd4 h3 51.Kd3 Kf3 52.Kd2 Ke4 53.Ke2 Kxe5 
54.Kf3 f5 55.Kg3 Ke4 56.Kxh3 Kf3 57.Kh4 f4 58.Kg5 Ke3 59.h4 f3 60.h5 f2 
61.h6 f1=Q 62.Kg6 Qf8 63.Kh7 Kf4 64.Kg6 Qh8 65.h7 Ke5 0-1

[Event "Tournoi du Cavalier Cap d'Agde 2008"]
[Site "Cap d'Agde FRA"]
[Date "2008.10.27"]
[Round "3.3"]
[White "Dujardin, Franck"]
[Black "De Seroux, Camille"]
[Result "1-0"]
[WhiteElo "2062"]
[BlackElo "1927"]
[EventDate "2008.??.??"]
[PlyCount "79"]

1.e4 c5 2.a3 d6 3.b4 Nc6 4.b5 Ne5 5.Bb2 Nd7 6.Nf3 Ngf6 7.Nc3 g6 8.Nd5 Bg7 
9.Bc4 O-O 10.Nxf6+ Bxf6 11.Bxf6 Nxf6 12.Qe2 Bg4 13.Qe3 Nd7 14.Ng5 Nf6 15.
h3 Bc8 16.O-O Qc7 17.f4 e6 18.e5 Nd7 19.Rae1 d5 20.Be2 c4 21.d4 cxd3 22.
cxd3 Qa5 23.d4 Nb6 24.Rb1 Bd7 25.Rfc1 Rac8 26.Rc5 Na4 27.Rxc8 Rxc8 28.Rb3 
Rc3 29.Qd2 Qc7 30.Rb4 Rxa3 31.Qe1 Qc3 32.Qh4 h5 33.Rb1 Qxd4+ 34.Kh2 Nc3 
35.Bxh5 Ra4 36.Rf1 Kf8 37.Bxg6 fxg6 38.Qh7 Qxf4+ 39.Rxf4+ Rxf4 40.Qxd7 1-0

[Event "Tournoi du Cavalier Cap d'Agde 2008"]
[Site "Cap d'Agde FRA"]
[Date "2008.10.27"]
[Round "3.2"]
[White "Maillot, Gregory"]
[Black "Muha, Zdravko"]
[Result "0-1"]
[WhiteElo "1924"]
[BlackElo "2086"]
[EventDate "2008.??.??"]
[PlyCount "122"]

1.Nf3 d5 2.d4 Nf6 3.c4 e6 4.Nc3 Nbd7 5.Bg5 Bb4 6.e3 c5 7.cxd5 exd5 8.Bd3 
Qa5 9.O-O c4 10.Bc2 Bxc3 11.bxc3 Qxc3 12.Bxf6 Nxf6 13.Ba4+ Kf8 14.Ne5 g6 
15.Qf3 Kg7 16.Rab1 Qa5 17.Bc2 Qxa2 18.Rfc1 Qa3 19.Ra1 Qe7 20.Rcb1 Rd8 21.
Qe2 Nd7 22.f4 f6 23.Nxd7 Rxd7 24.f5 Rd6 25.Qf3 b6 26.e4 dxe4 27.Bxe4 Rb8 
28.Re1 Qc7 29.Qg3 Rd7 30.Qf2 a5 31.fxg6 hxg6 32.Rf1 Qd6 33.Rad1 Re7 34.Bd5
b5 35.Rde1 Bf5 36.Rxe7+ Qxe7 37.Qg3 Bd3 38.Qxb8 Qe3+ 39.Kh1 Bxf1 40.Qg8+ 
Kh6 41.Qh8+ Kg5 42.h4+ Kf5 43.Qc8+ Kf4 44.Qc7+ Kg4 45.Bf3+ Kxh4 46.Qh2+ 
Kg5 47.Qg3+ Kh6 48.Qh3+ Kg7 49.Qd7+ Kh8 50.Qh3+ Kg7 51.Qd7+ Kf8 52.Qd8+ 
Kf7 53.Qd7+ Qe7 54.Bd5+ Kf8 55.Qxb5 Qc7 56.Qa6 Kg7 57.Kg1 Bd3 58.Qe6 c3 
59.Qg8+ Kh6 60.Qh8+ Kg5 61.Qh3 c2 0-1

[Event "Tournoi du Cavalier Cap d'Agde 2008"]
[Site "Cap d'Agde FRA"]
[Date "2008.10.27"]
[Round "3.1"]
[White "Mora, Pascal"]
[Black "Roger, Thomas"]
[Result "1-0"]
[WhiteElo "2096"]
[BlackElo "1930"]
[EventDate "2008.??.??"]
[PlyCount "67"]

1.e4 c6 2.d4 d5 3.Nc3 dxe4 4.Nxe4 Bf5 5.Ng3 Bg6 6.Bc4 e6 7.Nf3 Nd7 8.Qe2 
Qc7 9.O-O Ngf6 10.Nh4 O-O-O 11.a4 Bd6 12.a5 Rde8 13.Bd2 Bf4 14.Ra3 e5 15.
Nxg6 fxg6 16.Qd3 Nc5 17.dxc5 Rd8 18.Qb3 Rxd2 19.a6 b6 20.cxb6 axb6 21.a7 
Kb7 22.a8=Q+ Rxa8 23.Rxa8 Kxa8 24.Ra1+ Kb7 25.Qa3 Qb8 26.Ne4 Rd7 27.Be6 
Nxe4 28.Bxd7 Nc5 29.Bg4 h5 30.Be2 e4 31.b4 Ne6 32.Qa6+ Kc7 33.Qc4 Ng5 34.
h4 1-0

[Event "Tournoi du Cavalier Cap d'Agde 2008"]
[Site "Cap d'Agde FRA"]
[Date "2008.10.27"]
[Round "4.8"]
[White "Gelas, Christophe"]
[Black "Ricroque, Jean-Pierre"]
[Result "1/2-1/2"]
[WhiteElo "1898"]
[BlackElo "1988"]
[EventDate "2008.??.??"]
[PlyCount "52"]

1.d4 Nf6 2.c4 e6 3.Nc3 d5 4.Bg5 c6 5.e3 Nbd7 6.Nf3 Be7 7.Rc1 O-O 8.Bd3 
dxc4 9.Bxc4 Nd5 10.Bxe7 Qxe7 11.O-O Nxc3 12.bxc3 e5 13.Nd2 a5 14.a4 Nb6 
15.Bd3 Rd8 16.Nc4 Nxc4 17.Bxc4 Be6 18.Qb3 Bxc4 19.Qxc4 e4 20.Rb1 h5 21.Rb6
h4 22.h3 Ra7 23.Rfb1 Rd7 24.Qb3 Qg5 25.c4 Rd6 26.Qd1 Rd7 1/2-1/2

[Event "Tournoi du Cavalier Cap d'Agde 2008"]
[Site "Cap d'Agde FRA"]
[Date "2008.10.27"]
[Round "4.7"]
[White "Natale, Rodolphe"]
[Black "Grignon, Maxime"]
[Result "1-0"]
[WhiteElo "2000"]
[BlackElo "1833"]
[EventDate "2008.??.??"]
[PlyCount "99"]

1.e4 e5 2.Nf3 Nc6 3.Bb5 a6 4.Ba4 Nf6 5.O-O Be7 6.Re1 b5 7.Bb3 d6 8.c3 O-O 
9.h3 Na5 10.Bc2 c5 11.d4 Qc7 12.d5 Bd7 13.Nbd2 Rfe8 14.Nf1 Nc4 15.b3 Nb6 
16.Bd2 c4 17.Ne3 g6 18.g4 a5 19.Nh2 h5 20.gxh5 Nxh5 21.Nf5 Bf6 22.Ng4 b4 
23.cxb4 c3 24.bxa5 cxd2 25.Qxd2 gxf5 26.Nxf6+ Nxf6 27.Qg5+ Kh7 28.Qh4+ Kg7
29.Qg5+ Kh7 30.Qxf6 Rg8+ 31.Kh2 Qxc2 32.Qh4+ Kg7 33.Rg1+ Kf8 34.Qh6+ Ke7 
35.Qh4+ Kf8 36.Rxg8+ Kxg8 37.Rg1+ Kf8 38.Qh7 Ke7 39.Qh4+ Kf8 40.Qh6+ Ke7 
41.Qh4+ Kf8 42.axb6 Qxe4 43.Qh6+ Ke7 44.Qg5+ Kf8 45.Qg8+ Ke7 46.Qxa8 Qf4+ 
47.Kh1 Qxf2 48.Qg8 Qxb6 49.Qg5+ Kf8 50.h4 1-0

[Event "Tournoi du Cavalier Cap d'Agde 2008"]
[Site "Cap d'Agde FRA"]
[Date "2008.10.27"]
[Round "4.6"]
[White "Armas, Lara-Maria"]
[Black "Andre, Damien"]
[Result "1-0"]
[WhiteElo "1920"]
[BlackElo "2006"]
[EventDate "2008.??.??"]
[PlyCount "39"]

1.d4 Nf6 2.Nf3 e6 3.e3 c5 4.Bd3 d5 5.b3 Nbd7 6.Bb2 b6 7.O-O Bd6 8.Ne5 Qc7 
9.f4 a6 10.a4 Bb7 11.Nd2 Ne4 12.Bxe4 dxe4 13.Ndc4 Nxe5 14.dxe5 Be7 15.Nd6+
Bxd6 16.exd6 Qd7 17.Bxg7 Rg8 18.Bf6 Rc8 19.Be7 Qc6 20.Qh5 1-0

[Event "Tournoi du Cavalier Cap d'Agde 2008"]
[Site "Cap d'Agde FRA"]
[Date "2008.10.27"]
[Round "4.5"]
[White "Fageot, Julien"]
[Black "Pignataro, Louis"]
[Result "1/2-1/2"]
[WhiteElo "2022"]
[BlackElo "1930"]
[EventDate "2008.??.??"]
[PlyCount "85"]

1.c4 c6 2.d4 d6 3.Nc3 Nd7 4.Nf3 e5 5.e4 Ngf6 6.Bg5 Be7 7.Be2 a5 8.Qc2 O-O 
9.O-O Re8 10.Rfd1 Qc7 11.Rac1 Nf8 12.d5 h6 13.Bxf6 Bxf6 14.dxc6 bxc6 15.c5
dxc5 16.Na4 Bg4 17.Ne1 Bxe2 18.Qxe2 Ne6 19.Nxc5 Nd4 20.Qc4 Reb8 21.b3 Rb4 
22.Qd3 Rb6 23.Na4 Rb7 24.Nf3 Rd8 25.Nxd4 Rxd4 26.Qc2 Rbb4 27.Nc3 Qb7 28.
Rxd4 Rxd4 29.Ne2 Rd6 30.Rd1 Rxd1+ 31.Qxd1 Qb4 32.Ng3 g6 33.Qc1 c5 34.Qxh6 
Qe1+ 35.Nf1 Qxe4 36.Qd2 Qb4 37.Qxb4 axb4 38.Ne3 Be7 39.Kf1 f5 40.Ke2 Kf7 
41.Kd3 Ke6 42.Kc4 e4 43.Nc2 1/2-1/2

[Event "Tournoi du Cavalier Cap d'Agde 2008"]
[Site "Cap d'Agde FRA"]
[Date "2008.10.27"]
[Round "4.4"]
[White "Simon, Laurent"]
[Black "Gueriche, Guillaume"]
[Result "1/2-1/2"]
[WhiteElo "2058"]
[BlackElo "1934"]
[EventDate "2008.??.??"]
[PlyCount "56"]

1.e4 c5 2.d3 Nc6 3.Nf3 e6 4.g3 d6 5.Bg2 Nf6 6.O-O Be7 7.Re1 O-O 8.Nbd2 Rb8
9.Nf1 b5 10.h4 a5 11.N3h2 e5 12.Nd2 Bd7 13.Ndf1 Qc8 14.Ne3 Nd4 15.c3 Nc6 
16.g4 Ne8 17.h5 Bg5 18.Nd5 Bxc1 19.Rxc1 Nc7 20.Nxc7 Qxc7 21.Qd2 Nd8 22.f4 
Ne6 23.f5 Nf4 24.Bf1 Qb7 25.Qf2 Bc6 26.Nf3 c4 27.h6 g5 28.d4 f6 1/2-1/2

[Event "Tournoi du Cavalier Cap d'Agde 2008"]
[Site "Cap d'Agde FRA"]
[Date "2008.10.27"]
[Round "4.3"]
[White "Delaplace, Thomas"]
[Black "Dujardin, Franck"]
[Result "1/2-1/2"]
[WhiteElo "1957"]
[BlackElo "2062"]
[EventDate "2008.??.??"]
[PlyCount "125"]

1.e4 b6 2.d4 Bb7 3.Bd3 g6 4.c4 Bg7 5.Nf3 d6 6.Nc3 e6 7.O-O Ne7 8.Be3 Nd7 
9.Rc1 h6 10.b4 a5 11.a3 O-O 12.Qb3 g5 13.c5 dxc5 14.bxc5 Ba6 15.Bxa6 Rxa6 
16.Rfd1 g4 17.Ne1 bxc5 18.d5 exd5 19.Nxd5 Rd6 20.Rxc5 Nxc5 21.Bxc5 Nxd5 
22.exd5 Rg6 23.Bxf8 Bxf8 24.Nc2 Bc5 25.Qc3 Bb6 26.a4 Rg5 27.Qc6 Rh5 28.g3 
Rf5 29.Nd4 Rxd5 30.Re1 Qd7 31.Qxd7 Rxd7 32.Nf5 Kh7 33.Re4 h5 34.Kf1 Rd2 
35.Ne3 Kg6 36.Ke1 Bxe3 37.Rxe3 Rd4 38.Rc3 Rxa4 39.Kf1 Ra1+ 40.Kg2 a4 41.
Rxc7 a3 42.Rc6+ Kf5 43.Rc5+ Ke6 44.Rxh5 a2 45.Ra5 Kd7 46.Ra8 Kc6 47.Rc8+ 
Kb5 48.Rb8+ Kc5 49.Rc8+ Kb6 50.Ra8 f5 51.Ra3 Kc5 52.Ra8 Kd4 53.Rd8+ Kc4 
54.Rc8+ Kd5 55.Rd8+ Ke5 56.Re8+ Kd6 57.Ra8 Ke7 58.Ra6 Kd7 59.Ra8 Ke6 60.
Ra3 Kf6 61.Ra8 Kg5 62.Rg8+ Kf6 63.Ra8 1/2-1/2

[Event "Tournoi du Cavalier Cap d'Agde 2008"]
[Site "Cap d'Agde FRA"]
[Date "2008.10.27"]
[Round "4.2"]
[White "Muha, Zdravko"]
[Black "Penalver, Frederic"]
[Result "0-1"]
[WhiteElo "2086"]
[BlackElo "1941"]
[EventDate "2008.??.??"]
[PlyCount "122"]

1.d4 Nf6 2.Nf3 g6 3.c3 Bg7 4.Bg5 d6 5.Nbd2 Nbd7 6.e4 O-O 7.Bc4 e5 8.dxe5 
dxe5 9.Qc2 Qe7 10.O-O a5 11.Rfe1 Nc5 12.Nb3 Bd7 13.Nxc5 Qxc5 14.Bf1 Bc6 
15.Nd2 b6 16.Be3 Qe7 17.f3 Bb7 18.Bc4 Ba6 19.Bxa6 Rxa6 20.Qa4 Raa8 21.Rad1
Rfd8 22.Nf1 Nh5 23.Rxd8+ Rxd8 24.Rd1 Rxd1 25.Qxd1 Nf4 26.Qd2 Ne6 27.Ng3 
Nc5 28.Qd5 Ne6 29.Ne2 Qd8 30.c4 Bf6 31.Kf2 Kf8 32.b3 Ke7 33.Nc3 Nd4 34.Qb7
Kd6 35.Nd5 Nc6 36.Bc1 Bg7 37.Ba3+ Nb4 38.g3 c5 39.Bxb4 cxb4 40.Qxb6+ Qxb6+
41.Nxb6 Kc5 42.Na4+ Kd4 43.Ke2 f5 44.exf5 gxf5 45.g4 fxg4 46.fxg4 Bf6 47.
Nb6 Bd8 48.Nd5 Bg5 49.h3 Bd8 50.Ne3 Kc3 51.c5 Kb2 52.Kd3 Kxa2 53.Kc4 a4 
54.Nd5 axb3 55.Nxb4+ Ka3 56.Nd5 b2 57.Nc3 e4 58.g5 Ba5 59.Nb1+ Ka2 60.Nc3+
Ka1 61.h4 e3 0-1

[Event "Tournoi du Cavalier Cap d'Agde 2008"]
[Site "Cap d'Agde FRA"]
[Date "2008.10.28"]
[Round "5.5"]
[White "Pignataro, Louis"]
[Black "Simon, Laurent"]
[Result "0-1"]
[WhiteElo "1930"]
[BlackElo "2058"]
[EventDate "2008.??.??"]
[PlyCount "72"]

1.c3 Nf6 2.d3 d5 3.Qc2 Bf5 4.Nd2 e6 5.Ngf3 h6 6.h3 c6 7.g4 Bg6 8.Bg2 Nbd7 
9.O-O Qc7 10.e4 dxe4 11.Nxe4 Nd5 12.Nh4 Bh7 13.f4 Be7 14.Qf2 f5 15.gxf5 
exf5 16.Nd2 O-O-O 17.Nb3 Qb6 18.Qxb6 N7xb6 19.Nf3 Rhg8 20.a4 g5 21.Ne5 
Nxf4 22.Bxf4 gxf4 23.d4 Nd5 24.Kh1 Ne3 25.Rg1 Rg3 26.Kh2 Nxg2 27.Rxg2 Bg8 
28.Nd2 Bd5 29.Rf2 Rdg8 30.Nef3 Bf6 31.Re1 Kd8 32.c4 Bf7 33.Nf1 Bxc4 34.Ne5
Bd5 35.Ree2 Bxe5 36.dxe5 Rg1 0-1

[Event "Tournoi du Cavalier Cap d'Agde 2008"]
[Site "Cap d'Agde FRA"]
[Date "2008.10.28"]
[Round "5.4"]
[White "Dujardin, Franck"]
[Black "Aubry, Fabien"]
[Result "1-0"]
[WhiteElo "2062"]
[BlackElo "1917"]
[EventDate "2008.??.??"]
[PlyCount "62"]

1.e4 d6 2.d4 Nf6 3.Nc3 e5 4.Nf3 Nbd7 5.Bc4 Be7 6.O-O O-O 7.Qe2 c6 8.a4 
exd4 9.Nxd4 Nc5 10.Rd1 Qc7 11.Bf4 Re8 12.e5 dxe5 13.Bxe5 Bd6 14.Ndb5 cxb5 
15.Nxb5 Bxe5 16.Nxc7 Bxc7 17.Qf1 a6 18.Re1 Nce4 19.Bxf7+ Kxf7 20.Qc4+ Be6 
21.Qxc7+ Re7 22.Qf4 g5 23.Qf3 Bd5 24.Rad1 Bc6 25.Qb3+ Kf8 26.f3 Nc5 27.Qb4
Rxe1+ 28.Rxe1 Nd7 29.Qd4 Kf7 30.Qe3 Kg6 31.Rd1 a5 1-0

[Event "Tournoi du Cavalier Cap d'Agde 2008"]
[Site "Cap d'Agde FRA"]
[Date "2008.10.28"]
[Round "5.3"]
[White "Delaplace, Thomas"]
[Black "Charvin, Olivier"]
[Result "1/2-1/2"]
[WhiteElo "1957"]
[BlackElo "2066"]
[EventDate "2008.??.??"]
[PlyCount "61"]

1.e4 d5 2.d4 dxe4 3.f3 Nf6 4.Bg5 exf3 5.Nxf3 e6 6.Bc4 Be7 7.Nc3 Nbd7 8.Qe2
Nb6 9.Bd3 Nbd5 10.O-O h6 11.Nxd5 Nxd5 12.Bxe7 Qxe7 13.Ne5 Rf8 14.Bb5+ Kd8 
15.Qf3 Qb4 16.c4 a6 17.Bc6 Ne7 18.Qxf7 Nf5 19.Rxf5 exf5 20.Qd5+ Qd6 21.
Bxb7 Bxb7 22.Qxb7 Qxd4+ 23.Kh1 Qxe5 24.Qxa8+ Ke7 25.Qb7 Rd8 26.Qxa6 Rd2 
27.Qb5 Qxb5 28.cxb5 Rxb2 29.a4 Kd6 30.h3 Rb4 31.Kh2 1/2-1/2

[Event "Tournoi du Cavalier Cap d'Agde 2008"]
[Site "Cap d'Agde FRA"]
[Date "2008.10.28"]
[Round "5.2"]
[White "Armas, Lara-Maria"]
[Black "Lefevre, Margaux"]
[Result "0-1"]
[WhiteElo "1920"]
[BlackElo "1970"]
[EventDate "2008.??.??"]
[PlyCount "84"]

1.d4 Nf6 2.Nf3 c5 3.e3 g6 4.Bd3 d5 5.b3 b6 6.Bb2 Bg7 7.O-O Nbd7 8.Nbd2 Bb7
9.Ne5 O-O 10.f4 Ne4 11.Nxe4 dxe4 12.Bc4 Qc7 13.Qg4 e6 14.Rad1 Nf6 15.Qh3 
a6 16.a4 Bd5 17.Rd2 Bxc4 18.Nxc4 b5 19.Ne5 Rfd8 20.c4 bxa4 21.bxa4 Nd7 22.
Rc2 Rab8 23.g3 Rb3 24.Re1 Nxe5 25.fxe5 Qa5 26.Qf1 Qxa4 27.Ra1 Qb4 28.Qc1 
Qb7 29.Bc3 Bh6 30.Qe1 Bxe3+ 31.Qxe3 cxd4 32.Qd2 e3 33.Qd1 d3 34.Ba5 Rd7 
35.Rca2 d2 36.Bxd2 Rbd3 37.Qe2 exd2 38.Rd1 Qb6+ 39.Kf1 Qd4 40.Rxa6 Qxc4 
41.Ra8+ Kg7 42.Kg1 Rxg3+ 0-1